Loading...
Science - Chemistry | 0 | 7 | 0 | 1 | 70 | 47 | 79.71 | 4 | 7 |
History - World History | 0 | 4 | 1 | 1 | 35 | 73 | 97.00 | 0 | 4 |
Science - Physics | 0 | 3 | 0 | 2 | 30 | 71 | 111.00 | 0 | 3 |
History - American History | 0 | 3 | 1 | 0 | 25 | 52 | 68.00 | 1 | 3 |
Science - Biology | 0 | 3 | 1 | 0 | 25 | 55 | 67.33 | 2 | 3 |
Science - Other Science | 0 | 2 | 0 | 1 | 20 | 67 | 94.00 | 1 | 2 |
Fine Arts - Other Fine Arts | 0 | 1 | 0 | 0 | 10 | 97 | 97.00 | 0 | 1 |
Fine Arts - Painting & Sculpture | 0 | 1 | 0 | 1 | 10 | 138 | 138.00 | 0 | 1 |
History - Other History | 0 | 2 | 2 | 0 | 10 | 51 | 69.50 | 1 | 2 |
Literature - British Literature | 0 | 1 | 0 | 0 | 10 | 89 | 89.00 | 0 | 1 |
Literature - World Literature | 0 | 1 | 0 | 1 | 10 | 136 | 136.00 | 0 | 1 |
History - European History | 0 | 1 | 1 | 1 | 5 | 144 | 144.00 | 0 | 1 |
Literature - European Literature | 0 | 0 | 0 | 0 | 0 | 0.00 | 0 | 0 | |
Religion | 0 | 0 | 1 | 0 | -5 | 0.00 | 0 | 0 |